000 00263nam a2200109Ia 4500
008 240625s9999 xx 000 0 und d
041 _aeng
082 _a808.20 BHA
100 _aBHATIA GIRISH
245 _aHR PRACTICES AND JOB SATISFACTION IN IND
260 _c2013
999 _c36931
_d36931